000 00806nam a22002177a 4500
005 20240530110917.0
008 220221s2005 ua a g b 000 0 ara d
017 _bمصر. دار الكتب
_a2005/8874
020 _a977320118X
040 _aEG-CaGPL
_cEG-CaGPL
082 0 4 _221
_a337 \
_bح ن
100 0 _aحازم الببلاوى
245 1 2 _aالنظام الاقتصادى الدولى المعاصر :
_bمعايير وقواعد مالية جديدة /
_cحازم الببلاوى
250 _aط.2
260 _aالقاهرة :
_bمركز الاهرام للنشر والترجمة والتوزيع،
_c2005
300 _a199 ص؛
_c24 سم
650 0 7 _aالاقتصاد الدولى
_2qrmak
651 _2qrmak
942 _2ddc
_cBK
999 _c66418
_d66418